000 01662nam2a22003611 4500
001 RU\NLR\19V\602211
005 20250614041517.0
035 _a(NLR Aleph) 010348969
090 _a10737815
_c10737815
100 _a20070823d1901 |||y0rusy50 ca
101 0 _arus
102 _aRU
105 _ay z |||a|
200 0 _aТ. 6
210 _d1901
_aБ. м.
215 _a192 с.
_d20
327 1 _aСодерж.: Девятый вал : (Христова невеста) : Роман. Ч. 3. В свете; Четыре времени года украинской охоты
461 0 _1001v19\rc\1723864
_12001#$aСочинения Г.П. Данилевского$eв 24 т., с портр. авт.$vТ. 6
_95764485
_aДанилевский, Г. П. (1829-1890)
_cСанкт-Петербург
_d1901
_e8-е изд., посмерт.
_nА.Ф. Маркс
_oв 24 т., с портр. авт.
_p24 т.
_tСочинения Г.П. Данилевского
_vТ. 6
464 0 _12001#$aДевятый вал$eХристова невеста$eРоман$hЧ. 3$iВ свете
_15170#$aХристова невеста
_tДевятый вал
464 0 _12001#$aЧетыре времени года украинской охоты
_tЧетыре времени года украинской охоты
801 0 _aRU
_bNLR
_c20070823
_gpsbo
801 1 _aRU
_bNLR
_c20070823
_2rusmarc
852 _aNLR
_j18.267.7.3 (6)
852 _aNLR
_j129/861(6)
899 _aRuMoRGB
_jU 218/84
899 _aRuMoRGB
_jE 53/313
899 _aRuMoRGB
_jU 2/1037
899 _aБАН
899 _aНБ СПбГУ
899 _aГПИБ
942 _cBOOK
980 _aNB